00357nam a2200145Ia 45000030006000000080041000060400015000471000030000622450040000922500006001322600040001383000006001785460010001840050017001940STCL150530s9999 xx 000 0 und d aSTCLcSTCL aTara Shankar Bandyopadhya aPrabhat Kumar Mukherji ke Kahaniyan a1 bSahitya Akademi; Delhic2005aDelhi a0 aHindi20220125171241.0